Violence/non-violence : (Record no. 1848451)
[ view plain ]
| 000 -LEADER | |
|---|---|
| fixed length control field | 00700cam a2200229 a 4500 |
| 003 - CONTROL NUMBER IDENTIFIER | |
| control field | OSt |
| 005 - DATE AND TIME OF LATEST TRANSACTION | |
| control field | 20260423160108.0 |
| 008 - FIXED-LENGTH DATA ELEMENTS--GENERAL INFORMATION | |
| fixed length control field | 030814s2003 ii b 001 0 eng |
| 020 ## - INTERNATIONAL STANDARD BOOK NUMBER | |
| International Standard Book Number | 8173044716 |
| 040 ## - CATALOGING SOURCE | |
| Transcribing agency | HDL |
| 041 1# - LANGUAGE CODE | |
| Language code of text/sound track or separate title | eng |
| 082 ## - DEWEY DECIMAL CLASSIFICATION NUMBER | |
| Classification number | 294.548697 P3 |
| 130 0# - MAIN ENTRY--UNIFORM TITLE | |
| Uniform title | Violences et non-violences en Inde. |
| Language of a work | English. |
| 9 (RLIN) | 1235568 |
| 245 10 - TITLE STATEMENT | |
| Title | Violence/non-violence : |
| Remainder of title | some Hindu perspectives / |
| Statement of responsibility, etc. | edited by Denis Vidal, Gilles Tarabout, Eric Meyer. |
| 260 ## - PUBLICATION, DISTRIBUTION, ETC. | |
| Place of publication, distribution, etc. | New Delhi : |
| Name of publisher, distributor, etc. | Manohar Publishers & Distributors, |
| Date of publication, distribution, etc. | 2003. |
| 300 ## - PHYSICAL DESCRIPTION | |
| Extent | 328 p. |
| 630 ## - SUBJECT ADDED ENTRY--UNIFORM TITLE | |
| Language of a work | eng |
| 9 (RLIN) | 1235569 |
| 650 #0 - SUBJECT ADDED ENTRY--TOPICAL TERM | |
| Topical term or geographic name entry element | Violence |
| General subdivision | Religious aspects |
| 9 (RLIN) | 1235570 |
| 651 ## - SUBJECT ADDED ENTRY--GEOGRAPHIC NAME | |
| Geographic name | India |
| 942 ## - ADDED ENTRY ELEMENTS (KOHA) | |
| Source of classification or shelving scheme | Colon Classification (CC) |
| Koha item type | Textual |
| Suppress in OPAC | No |
| Withdrawn status | Lost status | Source of classification or shelving scheme | Damaged status | Not for loan | Home library | Current library | Date acquired | Total Checkouts | Date last seen | Price effective from | Koha item type |
|---|---|---|---|---|---|---|---|---|---|---|---|
| Colon Classification (CC) | Department of History Library | Department of History Library | 2026-04-23 | 2026-04-23 | 2026-04-23 | Textual |
